[Event "Valasska Bystrice op"]
[Site "Valasska Bystrice"]
[Date "2023.09.15"]
[Round "8"]
[White "Horyna, Josef"]
[Black "Hutyra, Tomas"]
[Result "1-0"]
[WhiteElo "1661"]
[BlackElo "1378"]
[PlyCount "65"]
[EventDate "2023.09.09"]
[EventType "swiss"]
[EventRounds "9"]
[EventCountry "CZE"]
[SourceTitle "EXT 2024"]
[Source "ChessBase"]
[SourceDate "2023.10.10"]
[SourceVersion "1"]
[SourceVersionDate "2023.10.10"]
[SourceQuality "1"]

1. d4 e6 2. Bf4 d5 3. e3 c5 4. c3 Nf6 5. Nd2 Bd6 6. Bg3 b6 7. Ngf3 0-0 8. Bd3 Ba6 9. Bxa6 Nxa6 10. Ne5 cxd4 11. exd4 Nd7 12. Qe2 Nab8 13. Nxf7 Rxf7 14. Bxd6 Qf6 15. 0-0 Nc6 16. Rae1 Re8 17. Be5 Ncxe5 18. dxe5 Qh6 19. Qe3 Qg6 20. Nf3 h6 21. Nd4 Nc5 22. Rd1 Ref8 23. b4 Na6 24. Qd3 Qxd3 25. Rxd3 Nc7 26. f3 Rc8 27. a4 Re7 28. b5 a6 29. Rb1 a5 30. Nc6 Rf7 31. Rd4 Rcf8 32. Rbd1 Rf5 33. Ne7+ 1-0

[Event "Valasska Bystrice op"]
[Site "Valasska Bystrice"]
[Date "2023.09.10"]
[Round "3"]
[White "Divis, Jan"]
[Black "Horyna, Josef"]
[Result "1-0"]
[WhiteElo "1506"]
[BlackElo "1661"]
[PlyCount "115"]
[EventDate "2023.09.09"]
[EventType "swiss"]
[EventRounds "9"]
[EventCountry "CZE"]
[SourceTitle "EXT 2024"]
[Source "ChessBase"]
[SourceDate "2023.10.10"]
[SourceVersion "1"]
[SourceVersionDate "2023.10.10"]
[SourceQuality "1"]

1. d4 Nf6 2. Bf4 d5 3. e3 Bf5 4. Bd3 Bxd3 5. Qxd3 c6 6. Nd2 e6 7. c3 Be7 8. Ngf3 0-0 9. 0-0 Nbd7 10. Ne5 Nxe5 11. Bxe5 Nd7 12. Bg3 h5 13. h3 Rc8 14. e4 dxe4 15. Nxe4 Nb6 16. Qe2 Qd5 17. Rfd1 Rfd8 18. h4 Qf5 19. Rd3 Qg4 20. Qxg4 hxg4 21. Rdd1 f5 22. Ng5 Bxg5 23. hxg5 Kf7 24. f4 Rd6 25. a4 a6 26. a5 Nd5 27. Kf2 Rh8 28. Rh1 Rdd8 29. Rxh8 Rxh8 30. Ra3 Rc8 31. Ke2 Ke7 32. Rb3 Rc7 33. c4 Kd6 34. cxd5 exd5 35. Re3 c5 36. dxc5+ Rxc5 37. Be1 Rc2+ 38. Kf1 Rxb2 39. Bc3 Rb1+ 40. Re1 Rxe1+ 41. Kxe1 g6 42. Ke2 Kc5 43. Kd3 b5 44. axb6 Kxb6 45. Kd4 Kc6 46. Ke5 Kc5 47. Bd4+ Kc4 48. Bb6 a5 49. Bxa5 d4 50. Kf6 Kd5 51. Kxg6 Ke4 52. g3 Kf3 53. Kxf5 Kxg3 54. g6 Kf3 55. g7 g3 56. g8Q g2 57. Qg4+ Kf2 58. Be1+ 1-0

[Event "Ricany op"]
[Site "Ricany"]
[Date "2023.09.02"]
[Round "9"]
[White "Horyna, Josef"]
[Black "Skala, Jaromir"]
[Result "1/2-1/2"]
[WhiteElo "1689"]
[BlackElo "1895"]
[PlyCount "38"]
[EventDate "2023.08.26"]
[EventType "swiss"]
[EventRounds "9"]
[EventCountry "CZE"]
[SourceTitle "EXT 2024"]
[Source "ChessBase"]
[SourceDate "2023.10.10"]
[SourceVersion "1"]
[SourceVersionDate "2023.10.10"]
[SourceQuality "1"]

1. d4 Nf6 2. Nf3 g6 3. g3 Bg7 4. Bg2 0-0 5. 0-0 d6 6. c3 Nbd7 7. Nbd2 c6 8. e4 e5 9. dxe5 dxe5 10. Qc2 Qc7 11. Nb3 Re8 12. h3 Nf8 13. Rd1 b6 14. Bg5 h6 15. Bxf6 Bxf6 16. Rd2 Be6 17. Rad1 Rad8 18. Rxd8 Rxd8 19. Rxd8 Qxd8 1/2-1/2

[Event "CZE-ch Seniors 65"]
[Site "Olomouc"]
[Date "2023.08.12"]
[Round "1"]
[White "Pesek, Petr"]
[Black "Horyna, Josef"]
[Result "1/2-1/2"]
[WhiteElo "1927"]
[BlackElo "1689"]
[PlyCount "110"]
[EventDate "2023.08.12"]
[EventType "swiss"]
[EventRounds "9"]
[EventCountry "CZE"]
[SourceTitle "EXT 2024"]
[Source "ChessBase"]
[SourceDate "2023.10.10"]
[SourceVersion "1"]
[SourceVersionDate "2023.10.10"]
[SourceQuality "1"]

1. e4 e6 2. d4 d5 3. exd5 exd5 4. Nf3 Bg4 5. Be2 Bd6 6. Nc3 c6 7. Bg5 f6 8. Bh4 Nd7 9. Qd2 Nh6 10. 0-0-0 0-0 11. Bg3 Qc7 12. Bxd6 Qxd6 13. h3 Bxf3 14. Bxf3 a5 15. g4 b5 16. Rde1 Rfe8 17. Rxe8+ Rxe8 18. Re1 Re7 19. Rxe7 Qxe7 20. Qe2 Qxe2 21. Nxe2 g5 22. Ng3 Kf7 23. Kd2 Ke6 24. b3 Nb6 25. Kd3 f5 26. gxf5+ Kf6 27. Bg4 b4 28. Ke3 a4 29. Nh5+ Kf7 30. f4 gxf4+ 31. Kxf4 axb3 32. axb3 Nc8 33. Be2 Ng8 34. Bd3 Nf6 35. Ng3 h6 36. Ba6 Nd6 37. Bd3 Ke7 38. Be2 Nde4 39. Nf1 Kd6 40. Ne3 c5 41. dxc5+ Nxc5 42. Ng4 Nxg4 43. hxg4 Ne4 44. Bd3 Ng5 45. Ba6 Nf7 46. Bc8 Ng5 47. f6 Kc7 48. Bf5 Kd6 49. Bc8 Kc7 50. Bf5 Kd6 51. Bg6 Ke6 52. f7 Nxf7 53. Bxf7+ Kxf7 54. Ke5 Kg6 55. Kxd5 Kg5 1/2-1/2

[Event "Ceske Budejovice op-A"]
[Site "Ceske Budejovice"]
[Date "2023.07.04"]
[Round "4"]
[White "Horyna, Josef"]
[Black "Steinbauer, Sebastian"]
[Result "0-1"]
[WhiteElo "1691"]
[BlackElo "1828"]
[PlyCount "84"]
[EventDate "2023.07.01"]
[EventType "swiss"]
[EventRounds "9"]
[EventCountry "CZE"]
[SourceTitle "CBM 215 Extra"]
[Source "ChessBase"]
[SourceDate "2023.09.30"]
[SourceVersion "1"]
[SourceVersionDate "2023.09.30"]
[SourceQuality "1"]

1. d4 c5 2. d5 g6 3. e4 Bg7 4. Nf3 d6 5. c4 Qb6 6. Qc2 f5 7. Nc3 fxe4 8. Nxe4 Nd7 9. Bd3 Ne5 10. Nxe5 Bxe5 11. 0-0 Nf6 12. Nxf6+ Bxf6 13. Rb1 Bd7 14. Be3 Qa5 15. b3 0-0-0 16. Bd2 Qa3 17. Bc1 Qb4 18. Bd2 Qa3 19. Bc1 Qa6 20. Be3 Kc7 21. b4 b6 22. b5 Qc8 23. Rbd1 a5 24. a4 Rdg8 25. Rfe1 Qf8 26. Qd2 h6 27. Be2 Qg7 28. Rc1 Qf7 29. Bf3 g5 30. g3 h5 31. Bg2 h4 32. Rf1 Qh5 33. f3 hxg3 34. hxg3 Qh2+ 35. Kf2 Be5 36. Ke1 Qxg3+ 37. Kd1 Rh2 38. Rg1 Bf4 39. Rc2 Bh3 40. Qe2 Rxg2 41. Rxg2 Qxg2 42. Qxg2 Bxg2 0-1

[Event "Ceske Budejovice op-A"]
[Site "Ceske Budejovice"]
[Date "2023.07.03"]
[Round "3"]
[White "Svacina, Tobias"]
[Black "Horyna, Josef"]
[Result "1-0"]
[WhiteElo "1849"]
[BlackElo "1691"]
[PlyCount "85"]
[EventDate "2023.07.01"]
[EventType "swiss"]
[EventRounds "9"]
[EventCountry "CZE"]
[SourceTitle "CBM 215 Extra"]
[Source "ChessBase"]
[SourceDate "2023.09.30"]
[SourceVersion "1"]
[SourceVersionDate "2023.09.30"]
[SourceQuality "1"]

1. e4 e5 2. Nf3 Nc6 3. Bc4 Be7 4. d4 exd4 5. Nxd4 Ne5 6. Bb3 d6 7. Nc3 c5 8. Nf3 Nf6 9. Bf4 Ng6 10. Bg3 0-0 11. 0-0 Bd7 12. Re1 h6 13. Bxd6 Bc6 14. Bg3 Qxd1 15. Raxd1 Rfe8 16. Nd5 Rac8 17. c4 Nh5 18. e5 Nxg3 19. hxg3 Bf8 20. Bc2 Kh8 21. e6 Rxe6 22. Rxe6 fxe6 23. Bxg6 exd5 24. cxd5 Rd8 25. Bf7 g5 26. Rd2 Bb5 27. Ne5 Kg7 28. Be6 Kf6 29. Ng4+ Kg7 30. f4 Bd6 31. f5 h5 32. Nf2 Bxg3 33. Ne4 Bf4 34. Rd1 h4 35. Kf2 b6 36. f6+ Kg6 37. f7 Kg7 38. g3 hxg3+ 39. Nxg3 Bxg3+ 40. Kxg3 Bd7 41. Rf1 Bxe6 42. dxe6 Kf8 43. Kg4 1-0

[Event "Ceske Budejovice op-A"]
[Site "Ceske Budejovice"]
[Date "2023.07.02"]
[Round "2"]
[White "Horyna, Josef"]
[Black "Plischki, Sebastian"]
[Result "0-1"]
[WhiteElo "1691"]
[BlackElo "2326"]
[PlyCount "84"]
[EventDate "2023.07.01"]
[EventType "swiss"]
[EventRounds "9"]
[EventCountry "CZE"]
[SourceTitle "CBM 215 Extra"]
[Source "ChessBase"]
[SourceDate "2023.09.30"]
[SourceVersion "1"]
[SourceVersionDate "2023.09.30"]
[SourceQuality "1"]

1. e4 g6 2. d4 Bg7 3. Nf3 d6 4. h3 Nf6 5. Bd3 c5 6. c3 0-0 7. 0-0 Qc7 8. Be3 Nbd7 9. Nbd2 a6 10. Rc1 b5 11. d5 Bb7 12. a4 c4 13. Bb1 Nc5 14. axb5 axb5 15. Nd4 Qd7 16. b3 Ba6 17. b4 Na4 18. Qc2 Bb7 19. Rcd1 e5 20. Ne2 Nh5 21. g4 Nf4 22. Bxf4 exf4 23. Nd4 h5 24. f3 Be5 25. Rf2 hxg4 26. hxg4 Kg7 27. Nf1 Nb6 28. Rh2 Ra3 29. Rh3 Rh8 30. Rxh8 Kxh8 31. Qb2 Bxd4+ 32. Rxd4 Rb3 33. Qh2+ Kg8 34. Rd1 Rxc3 35. Qxf4 Qe7 36. Nh2 Qe5 37. Qxe5 dxe5 38. g5 Bc8 39. Kf2 Rb3 40. f4 exf4 41. e5 Rb2+ 42. Kg1 Rxb4 0-1

[Event "Ricany op 20th"]
[Site "Ricany"]
[Date "2022.09.03"]
[Round "9"]
[White "Horyna, Josef"]
[Black "Gacho, Ondrej"]
[Result "0-1"]
[WhiteElo "1694"]
[BlackElo "1517"]
[PlyCount "84"]
[EventDate "2022.08.27"]
[EventType "swiss"]
[EventRounds "9"]
[EventCountry "CZE"]
[SourceTitle "CBM 210 Extra"]
[Source "ChessBase"]
[SourceDate "2022.11.30"]
[SourceVersion "1"]
[SourceVersionDate "2022.11.30"]
[SourceQuality "1"]

1. d4 d5 2. Nf3 Nf6 3. g3 Bf5 4. Bg2 e6 5. 0-0 c6 6. c4 Nbd7 7. cxd5 exd5 8. Nc3 Bd6 9. b3 0-0 10. Bb2 Re8 11. e3 Ne4 12. Nd2 Ndf6 13. Ndxe4 Nxe4 14. Nxe4 Bxe4 15. Rc1 Qg5 16. Re1 Re6 17. f4 Qe7 18. Bxe4 Rxe4 19. Qf3 Re8 20. Kf2 Qe6 21. Re2 g6 22. Rcc2 Qh3 23. Ke1 h6 24. Qf2 Qd7 25. Kd1 b6 26. Kc1 c5 27. Kd1 Qb5 28. Re1 Qd3+ 29. Qd2 Rxe3 30. Rxe3 Qxe3 31. Qxe3 Rxe3 32. Kd2 Re4 33. Kd3 f5 34. a4 Kf7 35. Rc1 Ke7 36. Rc2 Kd7 37. Rc1 Kc6 38. Ra1 Be7 39. Rf1 Bf6 40. Rc1 Bxd4 41. Bxd4 Rxd4+ 42. Ke3 Rb4 0-1

[Event "Ricany op 20th"]
[Site "Ricany"]
[Date "2022.09.02"]
[Round "8"]
[White "Kovar, Jan2222"]
[Black "Horyna, Josef"]
[Result "1/2-1/2"]
[WhiteElo "1798"]
[BlackElo "1694"]
[PlyCount "70"]
[EventDate "2022.08.27"]
[EventType "swiss"]
[EventRounds "9"]
[EventCountry "CZE"]
[SourceTitle "CBM 210 Extra"]
[Source "ChessBase"]
[SourceDate "2022.11.30"]
[SourceVersion "1"]
[SourceVersionDate "2022.11.30"]
[SourceQuality "1"]

1. e4 e6 2. d4 d5 3. Nd2 dxe4 4. Nxe4 Nd7 5. Bd3 Ngf6 6. Ne2 Nxe4 7. Bxe4 Nf6 8. Bf3 Bd6 9. 0-0 0-0 10. Bf4 Nd5 11. Be5 c6 12. c3 Qc7 13. Bxd6 Qxd6 14. Re1 Rd8 15. Ng3 Nf6 16. Qc2 Bd7 17. Rad1 Qc7 18. Nf1 Rac8 19. Ne3 c5 20. d5 exd5 21. Nxd5 Nxd5 22. Bxd5 Bc6 23. Bxc6 Rxd1 24. Rxd1 Qxc6 25. Qd3 Qe8 26. Qd7 g6 27. Kf1 Qe5 28. Qd6 Qxd6 29. Rxd6 b5 30. Ke2 c4 31. Rd7 a5 32. Rd5 Kg7 33. Rd6 h5 34. h4 Kh8 35. Rd5 Kg7 1/2-1/2

[Event "Ceske Budejovice op-B"]
[Site "Ceske Budejovice"]
[Date "2022.07.06"]
[Round "6"]
[White "Dejmek, Tomas"]
[Black "Horyna, Josef"]
[Result "1-0"]
[WhiteElo "1399"]
[BlackElo "1742"]
[PlyCount "127"]
[EventDate "2022.07.01"]
[EventType "swiss"]
[EventRounds "9"]
[EventCountry "CZE"]
[SourceTitle "EXT 2023"]
[Source "ChessBase"]
[SourceDate "2022.10.05"]
[SourceVersion "1"]
[SourceVersionDate "2022.10.05"]
[SourceQuality "1"]

1. d4 Nf6 2. c4 e6 3. Bg5 Be7 4. Nc3 d5 5. e3 0-0 6. c5 c6 7. Bd3 Nbd7 8. Nf3 b6 9. b4 h6 10. Bh4 Bb7 11. 0-0 Re8 12. Qe2 b5 13. a4 a6 14. axb5 cxb5 15. Nb1 Ne4 16. Bxe7 Qxe7 17. Rc1 Bc6 18. Rc2 Rec8 19. Rca2 Bb7 20. Qb2 Qd8 21. Nc3 f5 22. Ne2 g5 23. Nd2 Nxd2 24. Qxd2 Qf6 25. Ng3 Qf7 26. Qe2 Nf6 27. Bc2 Ne4 28. Nxe4 fxe4 29. Bd1 Kg7 30. Qh5 Qxh5 31. Bxh5 Kf6 32. g3 Rc7 33. Kg2 Rg8 34. Rf1 g4 35. h3 gxh3+ 36. Kxh3 Kg5 37. Be2 Rf8 38. Kg2 Bc8 39. Rh1 Rcf7 40. Rh5+ Kg6 41. Bg4 Rf5 42. Rxf5 exf5 43. Bd1 Rf6 44. Bb3 Bb7 45. Ra1 Kg7 46. f3 Rg6 47. fxe4 fxe4 48. Rf1 Rf6 49. Rf4 Rxf4 50. gxf4 Kf6 51. Kg3 Bc6 52. Kh4 Kg6 53. Bd1 Kg7 54. Bg4 a5 55. bxa5 b4 56. Bd1 Bb5 57. Kh5 Be8+ 58. Kh4 Bb5 59. Bb3 Bc6 60. a6 Kg6 61. a7 Kf6 62. Ba4 Ba8 63. c6 Ke7 64. c7 1-0

[Event "Ceske Budejovice op-B"]
[Site "Ceske Budejovice"]
[Date "2022.07.04"]
[Round "4"]
[White "Horyna, Josef"]
[Black "Khalil, Hanan"]
[Result "1/2-1/2"]
[WhiteElo "1742"]
[BlackElo "1347"]
[PlyCount "113"]
[EventDate "2022.07.01"]
[EventType "swiss"]
[EventRounds "9"]
[EventCountry "CZE"]
[SourceTitle "EXT 2023"]
[Source "ChessBase"]
[SourceDate "2022.10.05"]
[SourceVersion "1"]
[SourceVersionDate "2022.10.05"]
[SourceQuality "1"]

1. d4 d6 2. e4 Nf6 3. Nc3 Nbd7 4. Be3 e5 5. d5 Be7 6. f3 c6 7. dxc6 bxc6 8. Nge2 0-0 9. Ng3 Re8 10. Qd2 Nc5 11. Rd1 a5 12. Bc4 Rb8 13. b3 Qc7 14. 0-0 Be6 15. Bxe6 fxe6 16. Bxc5 dxc5 17. Qe2 Rb4 18. Na4 Rbb8 19. Rd2 Bf8 20. Rfd1 Kh8 21. Nf1 Kg8 22. g3 Kh8 23. Kg2 Kg8 24. c3 Kh8 25. Ne3 Rb7 26. Qc4 Qe7 27. Qe2 h6 28. Nc4 Qc7 29. Nd6 Bxd6 30. Rxd6 Nd5 31. Nxc5 Qxd6 32. Nxb7 Ne3+ 33. Qxe3 Qxd1 34. Nxa5 Qc2+ 35. Kh3 Qxa2 36. Nxc6 Qxb3 37. Nxe5 Ra8 38. Qc5 Qb7 39. Qd6 Qb8 40. Qxe6 Qc8 41. Qxc8+ Rxc8 42. c4 Rc5 43. f4 Kh7 44. Kg4 g6 45. h4 h5+ 46. Kf3 Ra5 47. Ke3 Ra3+ 48. Nd3 Kg7 49. e5 Kf7 50. Ke4 Ke7 51. Kd4 Ra2 52. Ke4 Rc2 53. c5 Ke6 54. Ke3 Rg2 55. Kf3 Rd2 56. Ke3 Rg2 57. Kf3 1/2-1/2

[Event "Ceske Budejovice op-A"]
[Site "Ceske Budejovice"]
[Date "2020.07.05"]
[Round "5"]
[White "Horyna, Josef"]
[Black "Vojta, Dalibor"]
[Result "1/2-1/2"]
[WhiteElo "1787"]
[BlackElo "1839"]
[PlyCount "66"]
[EventDate "2020.07.01"]
[EventType "swiss"]
[EventRounds "9"]
[EventCountry "CZE"]
[SourceTitle "CBM 197 Extra"]
[Source "ChessBase"]
[SourceDate "2020.09.30"]
[SourceVersion "1"]
[SourceVersionDate "2020.09.30"]
[SourceQuality "1"]

1. d4 d6 2. g3 Nf6 3. Bg2 Nc6 4. Nf3 e5 5. dxe5 Nxe5 6. Nxe5 dxe5 7. Qxd8+ Kxd8 8. 0-0 c6 9. e4 Bc5 10. Nd2 Be6 11. Nb3 Bb6 12. Bg5 h6 13. Bxf6+ gxf6 14. Rac1 Ke7 15. c4 Rhd8 16. c5 Bxb3 17. axb3 Ba5 18. Rfd1 Bb4 19. Rxd8 Rxd8 20. Bh3 Rd4 21. Bc8 Rxe4 22. Bxb7 Re1+ 23. Rxe1 Bxe1 24. Bxc6 Bb4 25. Kf1 Bxc5 26. Bd5 a5 27. Ke2 Bd4 28. f4 Bxb2 29. Kf3 f5 30. fxe5 Bxe5 31. h4 f6 32. Bc4 Bc7 33. Bg8 Be5 1/2-1/2

[Event "Ceske Budejovice op-A"]
[Site "Ceske Budejovice"]
[Date "2020.07.01"]
[Round "1"]
[White "Bombek, Peter"]
[Black "Horyna, Josef"]
[Result "1-0"]
[WhiteElo "2181"]
[BlackElo "1787"]
[PlyCount "83"]
[EventDate "2020.07.01"]
[EventType "swiss"]
[EventRounds "9"]
[EventCountry "CZE"]
[SourceTitle "CBM 197 Extra"]
[Source "ChessBase"]
[SourceDate "2020.09.30"]
[SourceVersion "1"]
[SourceVersionDate "2020.09.30"]
[SourceQuality "1"]

1. d4 Nf6 2. Bg5 e6 3. Nd2 Be7 4. e3 b6 5. Ngf3 Bb7 6. Bd3 d6 7. 0-0 Nbd7 8. c4 0-0 9. Qc2 h6 10. Bh4 a5 11. h3 Nh5 12. Bxe7 Qxe7 13. Rfe1 e5 14. Rad1 Rfe8 15. Bh7+ Kh8 16. Be4 Bxe4 17. Qxe4 Nhf6 18. Qc6 Nf8 19. dxe5 dxe5 20. Ne4 Nxe4 21. Qxe4 f6 22. Qc6 Rad8 23. Rd5 Rxd5 24. cxd5 Rd8 25. Rc1 Rd7 26. Rc4 Kh7 27. e4 Kg8 28. g3 Kf7 29. Kg2 Ng6 30. a3 Kg8 31. b4 axb4 32. axb4 Kf7 33. b5 Nf8 34. h4 g6 35. h5 g5 36. Qa8 Rd8 37. Qb7 Rd7 38. Qc8 Kg7 39. g4 Kf7 40. Ne1 Kg7 41. Nc2 f5 42. Ne3 1-0

[Event "Marianske Lazne op Seniors"]
[Site "Marianske Lazne"]
[Date "2020.01.18"]
[Round "1"]
[White "Horyna, Josef"]
[Black "Horackova, Isabela"]
[Result "1-0"]
[WhiteElo "1789"]
[BlackElo "1143"]
[PlyCount "48"]
[EventDate "2020.01.18"]
[EventType "swiss"]
[EventRounds "9"]
[EventCountry "CZE"]
[SourceTitle "EXT 2022"]
[Source "ChessBase"]
[SourceDate "2021.10.06"]
[SourceVersion "1"]
[SourceVersionDate "2021.10.06"]
[SourceQuality "1"]

1. d4 d6 2. e4 c6 3. h3 Nd7 4. Nf3 g6 5. Be2 Bg7 6. 0-0 Ngf6 7. Nc3 Qc7 8. Re1 0-0 9. Be3 a6 10. a4 b6 11. Bf4 e5 12. Bh2 Bh6 13. g4 Bg7 14. Bf1 Re8 15. dxe5 dxe5 16. Qd2 Kh8 17. Rad1 h6 18. Qd6 Qb7 19. Bc4 Kg8 20. g5 Nh5 21. gxh6 Bxh6 22. Qxg6+ Bg7 23. Bxf7+ Kf8 24. Bxe8 Nhf6 1-0

[Event "Ricany op-A"]
[Site "Ricany"]
[Date "2019.08.31"]
[Round "9"]
[White "Kovar, Jan2222"]
[Black "Horyna, Josef"]
[Result "1/2-1/2"]
[WhiteElo "1885"]
[BlackElo "1763"]
[PlyCount "67"]
[EventDate "2019.08.24"]
[EventType "swiss"]
[EventRounds "9"]
[EventCountry "CZE"]
[SourceTitle "EXT 2020"]
[Source "ChessBase"]
[SourceDate "2019.10.17"]
[SourceVersion "1"]
[SourceVersionDate "2019.10.17"]
[SourceQuality "1"]

1. e4 c6 2. d4 d5 3. exd5 cxd5 4. Bd3 Nf6 5. c3 Nc6 6. Bf4 g6 7. Nd2 Bg7 8. Ngf3 0-0 9. 0-0 Bg4 10. h3 Bxf3 11. Nxf3 Qb6 12. Qe2 e6 13. Rab1 Rac8 14. Rfe1 a6 15. Qd2 Rfe8 16. Bh6 Bh8 17. Bf4 Bg7 18. Bc2 Nh5 19. Bh2 Nf6 20. Bf4 Qa5 21. a3 Nh5 22. Bd6 Qd8 23. Bh2 Nf6 24. Re2 Qa5 25. Kh1 Qb6 26. g4 Qa5 27. Bf4 Qd8 28. Bg5 Qc7 29. Rbe1 b5 30. Bf4 Qd8 31. Bg5 Qc7 32. Bf4 Qd8 33. Bg5 Qc7 34. Bf4 1/2-1/2

[Event "Ricany op-A"]
[Site "Ricany"]
[Date "2019.08.29"]
[Round "7"]
[White "Stojkovic, Andreja"]
[Black "Horyna, Josef"]
[Result "1-0"]
[WhiteElo "1968"]
[BlackElo "1763"]
[PlyCount "33"]
[EventDate "2019.08.24"]
[EventType "swiss"]
[EventRounds "9"]
[EventCountry "CZE"]
[SourceTitle "EXT 2020"]
[Source "ChessBase"]
[SourceDate "2019.10.17"]
[SourceVersion "1"]
[SourceVersionDate "2019.10.17"]
[SourceQuality "1"]

1. e4 e6 2. d4 d5 3. e5 c5 4. c3 Nc6 5. Nf3 Bd7 6. Be2 cxd4 7. cxd4 Be7 8. 0-0 Qb6 9. Nc3 Rc8 10. a3 Na5 11. Bd3 Nb3 12. Rb1 Nxc1 13. Rxc1 a6 14. g3 Nh6 15. Nh4 0-0 16. Kg2 Nf5 17. Re1 1-0

[Event "Ricany op-A"]
[Site "Ricany"]
[Date "2017.08.31"]
[Round "7"]
[White "Rastocny, Josef"]
[Black "Horyna, Josef"]
[Result "1-0"]
[WhiteElo "2008"]
[BlackElo "1814"]
[PlyCount "59"]
[EventDate "2017.08.26"]
[EventType "swiss"]
[EventRounds "9"]
[EventCountry "CZE"]
[SourceTitle "CBM 180 Extra"]
[Source "ChessBase"]
[SourceDate "2017.10.06"]
[SourceVersion "1"]
[SourceVersionDate "2017.10.06"]
[SourceQuality "1"]

1. d4 d5 2. c4 c6 3. Nc3 Nf6 4. Bg5 Nbd7 5. Nf3 e6 6. e3 Qb6 7. Qc2 h6 8. Bh4 Qa5 9. Nd2 Bb4 10. Be2 Bxc3 11. bxc3 Ne4 12. Nxe4 dxe4 13. 0-0 Qf5 14. Qd2 0-0 15. f3 exf3 16. Rxf3 Qa5 17. Raf1 f5 18. Bd3 g5 19. e4 f4 20. e5 Qd8 21. Rxf4 Rxf4 22. Qxf4 gxf4 23. Bxd8 Nb6 24. Rxf4 Bd7 25. Be7 Na4 26. Rf6 Kg7 27. Rg6+ Kf7 28. Bf6 Rg8 29. Rxh6 Nxc3 30. Rh7+ 1-0

[Event "Ricany op-A"]
[Site "Ricany"]
[Date "2017.08.29"]
[Round "5"]
[White "Jirousek, Tadeas"]
[Black "Horyna, Josef"]
[Result "0-1"]
[WhiteElo "1584"]
[BlackElo "1814"]
[PlyCount "80"]
[EventDate "2017.08.26"]
[EventType "swiss"]
[EventRounds "9"]
[EventCountry "CZE"]
[SourceTitle "CBM 180 Extra"]
[Source "ChessBase"]
[SourceDate "2017.10.06"]
[SourceVersion "1"]
[SourceVersionDate "2017.10.06"]
[SourceQuality "1"]

1. e4 d6 2. d4 e5 3. Nf3 exd4 4. Nxd4 Nf6 5. Nc3 c6 6. Bd3 Be7 7. 0-0 0-0 8. f4 Qb6 9. Be2 Nbd7 10. Kh1 Nc5 11. Bf3 Rd8 12. g4 Bf8 13. a3 a5 14. Rb1 d5 15. e5 Nfe4 16. Be3 Nxc3 17. bxc3 Qc7 18. Qe1 Re8 19. Qf2 Ne4 20. Bxe4 dxe4 21. Qg2 Bxa3 22. Rbd1 Bf8 23. Rg1 Be6 24. Nxe6 Rxe6 25. Qxe4 c5 26. Qc4 Qc6+ 27. Rg2 b5 28. Qa2 c4 29. Bd4 a4 30. Kg1 Rd8 31. Qa1 Ree8 32. f5 Qd5 33. Qc1 Rxe5 34. Qf4 Ree8 35. f6 g5 36. Qf2 Qe4 37. Rf1 b4 38. Rg3 b3 39. cxb3 cxb3 40. Ra1 a3 0-1

[Event "Ricany op-A"]
[Site "Ricany"]
[Date "2017.08.28"]
[Round "4"]
[White "Horyna, Josef"]
[Black "Steiner, Juraj"]
[Result "0-1"]
[WhiteElo "1814"]
[BlackElo "2022"]
[PlyCount "142"]
[EventDate "2017.08.26"]
[EventType "swiss"]
[EventRounds "9"]
[EventCountry "CZE"]
[SourceTitle "CBM 180 Extra"]
[Source "ChessBase"]
[SourceDate "2017.10.06"]
[SourceVersion "1"]
[SourceVersionDate "2017.10.06"]
[SourceQuality "1"]

1. d4 Nf6 2. Nf3 e6 3. Bg5 c5 4. dxc5 Bxc5 5. e3 d5 6. c3 0-0 7. Bd3 h6 8. Bh4 Nbd7 9. Nbd2 Be7 10. 0-0 Nc5 11. Bc2 Bd7 12. Nd4 Rc8 13. N2f3 Nfe4 14. Bxe7 Qxe7 15. Nd2 e5 16. Nxe4 dxe4 17. Nb3 Bb5 18. Nxc5 Bxf1 19. Nxe4 Bb5 20. Qd6 Qc7 21. a4 Bc6 22. Qxc7 Rxc7 23. Nd6 Rd8 24. Nb5 Bxb5 25. axb5 Rd2 26. b6 Rc8 27. bxa7 Ra8 28. Rc1 Rxa7 29. Kf1 b5 30. Ke1 Rd6 31. Bb3 Kf8 32. h4 f5 33. Ke2 Ke7 34. g3 Kf6 35. Rg1 Rad7 36. Rd1 Rxd1 37. Bxd1 f4 38. exf4 exf4 39. Bb3 Ke5 40. Bg8 Rc7 41. Kd3 Rc6 42. Bf7 Rf6 43. Be8 fxg3 44. fxg3 Rf3+ 45. Ke2 Rxg3 46. Bxb5 Rg2+ 47. Kf3 Rxb2 48. c4 Rc2 49. Kg4 Rc1 50. Ba6 Rg1+ 51. Kh5 Kf6 52. Bb7 Rc1 53. Bd5 Rc3 54. Kg4 g6 55. Kf4 Rh3 56. Kg4 Rd3 57. Kf4 Rd4+ 58. Ke3 Rxh4 59. c5 Ke5 60. Bf7 Rh3+ 61. Kd2 g5 62. c6 Kd4 63. Be8 Rc3 64. Bd7 h5 65. Ke2 g4 66. Kf2 Ke4 67. Kg2 Kf4 68. Kh2 h4 69. Kg2 h3+ 70. Kh2 Rc2+ 71. Kh1 Kg3 0-1

[Event "Ricany op-A"]
[Site "Ricany"]
[Date "2017.08.27"]
[Round "3"]
[White "Vystrcil, Martin"]
[Black "Horyna, Josef"]
[Result "1/2-1/2"]
[WhiteElo "2038"]
[BlackElo "1814"]
[PlyCount "115"]
[EventDate "2017.08.26"]
[EventType "swiss"]
[EventRounds "9"]
[EventCountry "CZE"]
[SourceTitle "CBM 180 Extra"]
[Source "ChessBase"]
[SourceDate "2017.10.06"]
[SourceVersion "1"]
[SourceVersionDate "2017.10.06"]
[SourceQuality "1"]

1. e4 e6 2. d4 d5 3. Nd2 Nf6 4. e5 Nfd7 5. c3 c5 6. Bd3 Nc6 7. Ngf3 Be7 8. 0-0 Qb6 9. dxc5 Nxc5 10. Bc2 Nd7 11. Re1 Qc7 12. Qe2 g5 13. h3 h5 14. Ba4 a6 15. Nd4 Nxd4 16. cxd4 b5 17. Bb3 Bb7 18. Nf3 Rg8 19. Bd2 Qb6 20. Qd3 Nf8 21. a4 Bc6 22. Rec1 Rc8 23. axb5 Qxb5 24. Qc2 Qb7 25. Ba4 Kd7 26. Ne1 Ng6 27. Bxc6+ Rxc6 28. Qxc6+ Qxc6 29. Rxc6 Kxc6 30. Rxa6+ Kb7 31. Ra1 Rc8 32. Rc1 Rxc1 33. Bxc1 f6 34. Nd3 Kc6 35. Be3 fxe5 36. dxe5 Kb5 37. b3 g4 38. hxg4 hxg4 39. Kh2 Bd8 40. Kg3 Bc7 41. Bd4 Ne7 42. Kxg4 Nc6 43. Ba1 Na5 44. Kg5 Nxb3 45. Bb2 Nd2 46. Kf6 Kc4 47. Nf4 Ne4+ 48. Kxe6 Nxf2 49. Nxd5 Bd8 50. Nf6 Nd3 51. Ba1 Nf4+ 52. Kd7 Ba5 53. g4 Bb4 54. e6 Ng6 55. Ng8 Nf8+ 56. Ke8 Nxe6 57. Kf7 Ng5+ 58. Kf6 1/2-1/2

[Event "Wch Seniors 65 26th"]
[Site "Marianske Lazne"]
[Date "2016.11.28"]
[Round "9"]
[White "Rucka, Alois"]
[Black "Horyna, Josef"]
[Result "1/2-1/2"]
[WhiteElo "1953"]
[BlackElo "1746"]
[PlyCount "88"]
[EventDate "2016.11.19"]
[EventType "swiss"]
[EventRounds "11"]
[EventCountry "CZE"]
[SourceTitle "CBM 175 Extra"]
[Source "ChessBase"]
[SourceDate "2016.12.12"]
[SourceVersion "1"]
[SourceVersionDate "2016.12.12"]
[SourceQuality "1"]

1. d4 Nf6 2. c4 g6 3. f3 Bg7 4. Nc3 d5 5. cxd5 Nxd5 6. e4 Nxc3 7. bxc3 0-0 8. Bc4 c5 9. Ne2 cxd4 10. cxd4 Nc6 11. Be3 Qa5+ 12. Qd2 Qxd2+ 13. Kxd2 Rd8 14. Rad1 Nxd4 15. Nxd4 Bxd4 16. Ke2 e5 17. Bxd4 Rxd4 18. Rxd4 exd4 19. Kd3 Be6 20. Bxe6 fxe6 21. Kxd4 Rd8+ 22. Ke5 Kg7 23. Rc1 Rd2 24. Rc7+ Kh6 25. Kxe6 Rxg2 26. e5 Rf2 27. Rc3 Rxa2 28. Kf7 Kg5 29. e6 Rxh2 30. e7 Re2 31. Rc7 h5 32. Rxb7 a5 33. Ra7 h4 34. Rxa5+ Kf4 35. Ra4+ Kxf3 36. Rxh4 g5 37. Rh6 Rxe7+ 38. Kxe7 g4 39. Ke6 g3 40. Rf6+ Ke2 41. Rg6 Kf2 42. Ke5 g2 43. Rf6+ Ke1 44. Rg6 Kf1 1/2-1/2